Thế giới nhân vật trong truyện ngắn Cà Mau sau 1975 : Luận văn thạc sĩ. Chuyên ngành: Văn học Việt Nam

Chỉ ra những đặc điểm riêng của nhân vật trong truyện ngắn Cà Mau sau 1975. Thông qua thế giới hình tượng nhân vật mà các nhà văn xây dựng để thấy được hình ảnh con người cà mau trong giai đoạn đất nước hoà bình, phát triển, thấy được...

תיאור מלא

שמור ב:
מידע ביבליוגרפי
מחבר ראשי: Lâm, Nhã Phương
פורמט: ספר
שפה:Undetermined
יצא לאור: Cần Thơ Đại Học Cần Thơ 2013
נושאים:
תגים: הוספת תג
אין תגיות, היה/י הראשונ/ה לתייג את הרשומה!
Thư viện lưu trữ: Trung tâm Học liệu Trường Đại học Cần Thơ
LEADER 01704nam a2200241Ia 4500
001 CTU_184434
008 210402s9999 xx 000 0 und d
082 |a 895.9223009 
082 |b Ph561 
088 |a 60220121 
100 |a Lâm, Nhã Phương 
245 0 |a Thế giới nhân vật trong truyện ngắn Cà Mau sau 1975 : 
245 0 |b Luận văn thạc sĩ. Chuyên ngành: Văn học Việt Nam 
245 0 |c Lâm Nhã Phương ; Trần Mạnh Hùng hướng dẫn 
260 |a Cần Thơ 
260 |b Đại Học Cần Thơ 
260 |c 2013 
520 |a Chỉ ra những đặc điểm riêng của nhân vật trong truyện ngắn Cà Mau sau 1975. Thông qua thế giới hình tượng nhân vật mà các nhà văn xây dựng để thấy được hình ảnh con người cà mau trong giai đoạn đất nước hoà bình, phát triển, thấy được quan niệm nghệ thuật về con người và cách nhìn nhận, lí giải nhiều vấn đề tring cuộc sống của tác giả. khẳng định vị trí của truyện ngắn của Cà Mau đối với sự phát triển của văn học địa phương cũng như đóng góp của truyện ngắn Cà Mau và diện mạo văn học chung của nước nhà. 
650 |a Văn học Việt Nam,Vietnamese literature 
650 |x Lịch sử và phê bình,History and criticism 
650 |y Thế kỷ 20,20th century 
904 |i Kim Thị Ngọc Yến 
980 |a Trung tâm Học liệu Trường Đại học Cần Thơ